वासवदत्ता (Record no. 297280)

MARC details
000 -LEADER
fixed length control field 00964nam a2200241Ia 4500
003 - CONTROL NUMBER IDENTIFIER
control field OSt
005 - DATE AND TIME OF LATEST TRANSACTION
control field 20260413150508.0
008 - FIXED-LENGTH DATA ELEMENTS--GENERAL INFORMATION
fixed length control field 220922b |||||||| |||| 00| 0 san d
020 ## - INTERNATIONAL STANDARD BOOK NUMBER
International Standard Book Number 9788170847661 (pbk)
037 ## - SOURCE OF ACQUISITION
Terms of availability TB
040 ## - CATALOGING SOURCE
Original cataloging agency ARTS
Transcribing agency ARTS
Language of cataloging san
041 ## - LANGUAGE CODE
Source of code san
Language code of text/sound track or separate title san
084 ## - COLON CLASSIFICATION NUMBER
Classification number O15,3D69,1:g 152 R2
Assigning agency AL
100 ## - MAIN ENTRY--PERSONAL NAME
Personal name डिंडोरिया, वेद प्रकाश, संपा.
9 (RLIN) 159955
245 #0 - TITLE STATEMENT
Title वासवदत्ता
246 ## - VARYING FORM OF TITLE
Title proper/short title Vāsavadattā
260 ## - PUBLICATION, DISTRIBUTION, ETC.
Place of publication, distribution, etc. दिल्ली
Name of publisher, distributor, etc. चौखम्बा संस्कृत प्रतिष्ठान
Date of publication, distribution, etc. 2018
300 ## - PHYSICAL DESCRIPTION
Extent 329पृ0
Dimensions cm.
650 ## - SUBJECT ADDED ENTRY--TOPICAL TERM
Topical term or geographic name entry element संस्कृत साहित्य
650 ## - SUBJECT ADDED ENTRY--TOPICAL TERM
Topical term or geographic name entry element संस्कृत कहानी
9 (RLIN) 156350
942 ## - ADDED ENTRY ELEMENTS (KOHA)
Classification part O15,3D69,1:g 152R2
Koha item type Textbook
Source of classification or shelving scheme Colon Classification (CC)
Holdings
Withdrawn status Lost status Source of classification or shelving scheme Damaged status Not for loan Home library Current library Date acquired Source of acquisition Cost, normal purchase price Total Checkouts Full call number Barcode Date due Date last seen Date last checked out Cost, replacement price Price effective from Koha item type Public note
    Colon Classification (CC)     Arts Library Arts Library 2022-09-23 266/1, 18/01/2019, Vidyanidhi Prakashan 300.00 1 O15,3D69,1:g 152R2 AL1632828 2022-11-26 2026-01-07 2026-01-07 300.00 2022-09-23 Textbook Translated from Sanskrit to Hindi
Copyright @ Delhi University Library System